000 01138nam a2200325 c 4500
003 BLK
005 20231103005240.0
008 180409b bul|||||r ||||||| ||bul||
010 _aKNG00105017000
020 _a954-585-405-7
_bиздат.: Бард
040 _aBLK
041 _aBUL
_cBUL
080 _aАмериканска литература (на САЩ)
_b821.111(73)
_x-312.4
_z821.111(73)-312.4
100 1 _aМилс, Кайл
_eпърви автор
_9270089
139 _aМилс, Кайл
_bМ 61
245 1 0 _aЧовекът без сянка
_bРоман
_cКайл Милс; прев. от англ. Юлия Чернева.
257 _aUSA
260 София
_bБард
_c2003
300 _a332 с.
_c20 см
380 _aX
490 1 _aКралете на трилъра
_v139
500 _aОриг. загл. Burn factor / Kyle Mills.
700 _aЧернева, Юлия Недкова
_d1955-
_9365526
852 _aЦб 214131
856 4 _qpdf
_u
856 4 _qpdf
_u
942 _cKNG
_n0
_03
944 _aCR
_c01.01.2003
_k
_lCRON CRON
944 _aED
_c21.02.2011
_k
999 _c100000
_d100000